| 000 | 00421 a2200157 4500 | ||
|---|---|---|---|
| 003 | OSt | ||
| 005 | 20240905100256.0 | ||
| 008 | 231019b |||||||| |||| 00| 0 eng d | ||
| 040 | _coclc | ||
| 082 |
_a892.78 _bWAF/S |
||
| 100 |
_awafa _910485 |
||
| 245 | _aSHARAHUTHAHDEEB / | ||
| 260 |
_aKottakkal: _bMakthubuthu Alvafah, |
||
| 300 | _a144p.; | ||
| 942 |
_2ddc _cBK _h892.78 _iWAF/S _k892.78 _mWAF/S |
||
| 999 |
_c42641 _d42641 |
||